Language Quiz

Random Language or Chinese Quiz

Literal Chinese Animals Quiz Stats

 Plays Quiz Updated Nov 27, 2017

Challenge
Share
Tweet
Embed
Score 0/22 Timer 06:00
0 Plays Today
Literal Chinese English name % Correct
gold + fishgoldfish
88.4%
big + apegorilla
88.1%
sea + starstarfish
86.3%
north + pole + bearpolar bear
83.4%
mother + chickenhen
79.2%
sea + lionsea lion
77.2%
long + neck + deergiraffe
74.1%
stinky + weaselskunk
70.5%
change + color + dragonchameleon
69.9%
sea + cowmanatee
66.9%
American + lioncougar
63.2%
Literal Chinese English name % Correct
bee + birdhummingbird
62.8%
white + heaven + gooseswan
61.1%
black + apechimpanzee
60.2%
river + horsehippopotamus
50.7%
dragon + shrimplobster
44.9%
American + tigerjaguar
43.2%
sea + elephantwalrus
33.7%
big + bear + catgiant panda
28.9%
cat + head + eagleowl
21.8%
sea + gallbladdersea urchin
16.2%
sea + cottonsponge
15.8%

You're not logged in!

Compare scores with friends on all Sporcle quizzes.
Join for Free
OR
Log In

You Might Also Like...

Show Comments

Extras

Top Quizzes Today


Score Distribution

Your Account Isn't Verified!

In order to create a playlist on Sporcle, you need to verify the email address you used during registration. Go to your Sporcle Settings to finish the process.

Report this User

Report this user for behavior that violates our Community Guidelines.

Details: